| 000 | 00566nam a2200205Ia 4500 | ||
|---|---|---|---|
| 005 | 20250508152256.0 | ||
| 008 | 008 250505s9999 xx 000 0 eng d | ||
| 037 | _aTextual | ||
| 040 |
_aFEDL _beng _cFEDL |
||
| 041 |
_aeng _2eng |
||
| 084 |
_a025, DAT _qFEDL |
||
| 100 |
_aDatta Bimal Kumar _943985 |
||
| 245 | 0 | _aPractical guide to library procedure | |
| 260 |
_aBombay, India _bAsia Publishing House _c1956 |
||
| 300 | _avi,108p. | ||
| 365 |
_aINR _b650 |
||
| 650 | _aLibrary Science | ||
| 942 |
_cTEXL _h025, DAT |
||
| 999 |
_c1335454 _d1335454 |
||